World War II Countries - Sudden Death - Statistics

General Stats
  • This quiz has been taken 3,534 times
  • The average score is 7 of 18
Answers on the Grid
Answers color-coded by a green-red scale on the quiz's grid according to % correct below.
Albania
Argentina
Australia
Brazil
Bulgaria
Canada
China
Egypt
Estonia
Finland
France
Germany
Greece
Hungary
Iceland
Ireland
Italy
Japan
Lithuania
Mexico
Mongolia
Netherlands
New Zealand
Norway
Poland
Portugal
Romania
Saudi Arabia
Siam (Thailand)
South Africa
Soviet Union
Spain
Sweden
Switzerland
Tibet
United Kingdom
United States
Yugoslavia
 
Answer Stats
Answer % Correct
Germany
59%
France
55%
United States
54%
Italy
52%
Japan
52%
United Kingdom
51%
Soviet Union
44%
Australia
41%
China
41%
Poland
38%
Canada
35%
Yugoslavia
28%
Greece
27%
Hungary
27%
Finland
24%
Romania
14%
Estonia
11%
Lithuania
9%
No matching quizzes found
Score Distribution
Percent of People with Each Score
Percentile by Number Answered
Your Score History
You have not taken this quiz